PROBLEMATIKA RACIONALIZÁCIE SIETE STANÍC NA MERANIE TEPLOTY VZDUCHU NA ÚZEMÍ SSR

Bibliographic Details
Main Authors: Gajar, Branislav (Author), Zeman, Vladimír (Author)
Format: Article
Language:Slovak

MARC

LEADER 00000nab a2200000ua 4500
001 vtls010842128
003 SK-MaSNL
005 20260303103809.0
008 230121s1985 xo |||||||||||||||||slo|
035 |a (urnnbn)urn:nbn:sk:snk:ar-a06z15 
035 |a urn:nbn:sk:snk-ab64ip 
035 |a (uuid)a19ea246-7a21-48f4-bb14-05ca0a6963d5 
040 |a SNKBUCL  |b slo  |c SNKBUCL  |e AACR2 
041 0 |a slo 
044 |a xo  |c SK 
100 1 |a Gajar, Branislav  |4 aut  |9 1117792 
245 1 0 |a PROBLEMATIKA RACIONALIZÁCIE SIETE STANÍC NA MERANIE TEPLOTY VZDUCHU NA ÚZEMÍ SSR  |c Branislav Gajar, Vladimír Zeman 
700 1 |a Zeman, Vladimír  |4 aut  |9 288367 
773 0 |t Meteorologické zprávy  |g Roč. 38, č. 2 (1985), s. 41-49 
954 |a odborná, vedecká literatúra pôvodná (slovenská)  |2 lita 
958 |a OND 
958 |a EUIPO 
958 |a article5 
999 |c 1852016  |d 1853946